• 首页
  • 本馆介绍
  • 公告通知
  • 最新文献
  • 馆藏检索
  • 电子资源
  • 读者导购
  • 参考咨询
  • 我的图书馆
  • 登录
  • 详细信息显示
  • 放入我的书架
  • 预约/预借图书
  • 作者相关作品
  • 分类相关作品
  • 丛书相关作品
  • 出版社相关作品

书目信息

  • 表格格式
  • 工作单格式
  • 卡片格式
题名:
友情力
    
 
作者: 王俊海 著
分册:  
出版信息: 北京   现代出版社  2014
页数: 199页
开本: 24cm
丛书名: 身心灵魔力书系
单 册:
中图分类: B824.2
科图分类:
主题词: 友谊--you yi--青年读物
电子资源:
ISBN: 978-7-5143-1976-7
000 00965nam 2200253 450
001 2335737632
005 20231120203352.18
010    @a978-7-5143-1976-7@dCNY39.80
100    @a20141113d2014 demy0chiy50 ea
101 0  @achi
102    @aCN@b110000
105    @ay z 000yy
200 1  @a友情力@Ayou qing li@e劝君更尽一杯酒@f王俊海著
210    @a北京@c现代出版社@d2014
215    @a199页@d24cm
225 2  @a身心灵魔力书系@Ashen xin ling mo li shu xi@i灵魂丛书
330    @a本书共分为十章, 主要内容包括: 有一种友情叫永远、朋友是一种财富、人生是一种缘、朋友有很多种、最是珍贵朋友情、因为有了友情、友情需要默契、友情需用心去经营、拥有友情便拥有一切、友情无价、友情让你不孤单、挚友如茶等。
410  0 @12001 @a身心灵魔力书系@i灵魂丛书
517 1  @a劝君更尽一杯酒@Aquan jun geng jin yi bei jiu
606 0  @a友谊@Ayou yi@j青年读物
690    @aB824.2@v5
701  0 @a王俊海@Awang jun hai@4著
801  0 @aCN@b山东中教@c20230926
905    @aBZT@dB824.2@e5
    
    友情力:劝君更尽一杯酒/王俊海著.-北京:现代出版社,2014
    199页;24cm.-(身心灵魔力书系.灵魂丛书)
    
    
    ISBN 978-7-5143-1976-7:CNY39.80
    本书共分为十章, 主要内容包括: 有一种友情叫永远、朋友是一种财富、人生是一种缘、朋友有很多种、最是珍贵朋友情、因为有了友情、友情需要默契、友情需用心去经营、拥有友情便拥有一切、友情无价、友情让你不孤单、挚友如茶等。
●
相关链接 在五车中查询图书 在当当中查询图书 在豆瓣中查询图书


正题名:友情力     索取号:B824.2/5         预约/预借

序号 登录号 条形码 馆藏地/架位号 状态 备注
1 2000961329   2000961329   第四书库/四2架B面4层4列/ [索取号:B824.2/5] 在馆    
2 2000961330   2000961330   第四书库/四2架B面4层4列/ [索取号:B824.2/5] 在馆    
3 2000961331   2000961331   第四书库/四2架B面4层4列/ [索取号:B824.2/5] 在馆    
4 2000961332   2000961332   第四书库/四2架B面4层4列/ [索取号:B824.2/5] 在馆    
5 2000961333   2000961333   第四书库/四2架B面4层4列/ [索取号:B824.2/5] 在馆    
6 2000961334   2000961334   第四书库/四2架B面4层4列/ [索取号:B824.2/5] 在馆    
山东省滨州职业学院图书馆 欢迎您!
大连网信软件有限公司© 版权所有